000 00879nas a2200289 4500
001 BR2012004109
003 BR-BrBNA
005 20231205120704.0
007 ta
008 230509b bl.|||p| |||| 00| 00por d
040 _aBR-BrBNA
_bpor
_cBiblioteca Nacional de Agricultura
041 _a(Pt)
072 _aF08; F01
100 1 _aGarcia, R.
100 1 _aQueiroz, D.S.
245 1 _aManejo do rebanho em Sistemas silvipastoris
650 _aPASTAGEM
650 _aREBANHO
650 _aMANEJO
650 _aSISTEMA DE PRODUÇÃO
650 _aPLANTA FORRAGEIRA
650 _aSOMBREAMENTO
650 _aROTAÇÃO DE CULTURA
773 0 _tInforme Agropecuário - Empresa de Pesquisa Agropecuária de Minas Gerais (Brazil)
_xISSN 0100-3364
_g(Jan-Feb 2012), v. 33(266) p. 92-101
_wBR2012004109
909 _a202311
_bLúcia
_c55
_dLúcia Elande
942 _2AGRIS
_n0
_cANA
999 _c219775
_d219775